00227nam a2200097Ia 4500008004100000100002100041245002600062250000800088260002500096300000800121191201s2014 xx 000 0 und d aDIETER, George E 0aMechanical Metallurgy aIMP c2014bTMHaNEW DELHI a751